000 00801 a2200205 4500
001 59646
005 20260407155850.0
008 260407a1959 arg spa d
003 AR-UNSa-BCEJYS
040 _aAR-UNSa-BCEJYS
_bspa
_cAR-UNSa-BCEJYS
080 _a330.322.12
_xInversión privada
245 1 0 _aInversiones privadas
_pLlave del desarrollo industrial internacional
264 1 _aBuenos Aires :
_bÁgora
_c1959
300 _a280 p.
_c20 cm.
505 _a1. El gran potencial de la humanidad - 2. El capital es crucial - 3. Hombres y mercados - 4. Un mundo en nuestras manos - 5. El gobierno como socio - 6. Los hombres y los medios - 7. El desafío al futuro - 8. La obra del futuro
041 _aspa
942 _cBK
590 _aniveau_biblio:m niveau_hierar:0
100 1 _aDaniel, James
999 _c6766
_d6766